[Event "Sparkassen-Open A"]
[Site "Heusenstamm, Martinsee"]
[Date "2025.11.22"]
[Round "5.85"]
[White "Alt, Johannes"]
[Black "Sasikumar Anitha, Sarvesh"]
[Result "0-1"]
[WhiteElo "1836"]
[BlackElo "1924"]
[PlyCount "70"]
[EventDate "2025.11.20"]
[WhiteTeam "Sfr.Heidesheim"]
[BlackTeam "SK 1858 Gießen"]

1. d4 Nf6 2. Nf3 e6 3. Bf4 c5 4. e3 Nc6 5. c3 d5 6. Nbd2 Bd6 7. Bg3 O-O 8. Bd3 Re8 9. Ne5 Qb6 10. Rb1 Qc7 11. f4 b6 12. Bh4 Be7 13. Bxf6 Bxf6 14. Ndf3 Bb7 15. h4 h6 16. g4 Bxe5 17. fxe5 f6 18. Bb5 Rf8 19. Bxc6 Bxc6 20. g5 fxg5 21. hxg5 Qf7 22. Rf1 Bb5 23. Rf2 hxg5 24. Qc2 g4 25. Rh2 g6 26. Ng5 Qf1+ 27. Kd2 Rf2+ 28. Rxf2 Qxf2+ 29. Kc1 Qxe3+ 30. Qd2 cxd4 31. Qxe3 dxe3 32. Nxe6 Bd3 33. Ra1 g3 34. b3 g2 35. Kb2 Bf1 0-1

[Event "Sparkassen-Open A"]
[Site "Heusenstamm, Martinsee"]
[Date "2025.11.22"]
[Round "5.86"]
[White "Diehl, Stefan"]
[Black "Hessler Carbonell, Louis"]
[Result "1/2-1/2"]
[WhiteElo "1832"]
[BlackElo "1936"]
[PlyCount "114"]
[EventDate "2025.11.20"]
[WhiteTeam "SC 1910 Höchst"]
[BlackTeam "SK Marburg 1931/72"]

1. f4 d5 2. Nf3 Nc6 3. e3 Bg4 4. Bb5 Qd6 5. b3 a6 6. Bxc6+ Qxc6 7. Bb2 O-O-O 8. Ne5 Bxd1 9. Nxc6 bxc6 10. Kxd1 Nh6 11. Ke2 f6 12. d3 Nf7 13. Nd2 g5 14. fxg5 Nxg5 15. h4 Nf7 16. Nf3 Rg8 17. Rag1 h5 18. Nd4 Kd7 19. Nf3 Nh6 20. e4 e5 21. Bc1 Ng4 22. Nh2 Bc5 23. Nxg4 Rxg4 24. Be3 Bxe3 25. Kxe3 Rdg8 26. Rh2 Rg3+ 27. Kf2 Ke6 28. Re1 f5 29. exf5+ Kxf5 30. Re3 Kf4 31. Rxg3 Rxg3 32. Rh1 e4 33. dxe4 dxe4 34. Re1 e3+ 35. Kg1 Kg4 36. Rd1 Kxh4 37. Rd4+ Rg4 38. Rd7 Re4 39. Kf1 e2+ 40. Ke1 Kg3 41. Rg7+ Rg4 42. Rxc7 Kxg2 43. Kxe2 h4 44. Rxc6 h3 45. Rxa6 Re4+ 46. Kd3 Rh4 47. Re6 h2 48. Re2+ Kf3 49. Rxh2 Rxh2 50. a4 Kf4 51. c3 Ke5 52. Kc4 Kd6 53. b4 Kc6 54. Kb3 Rh3 55. Kc4 Rh4+ 56. Kb3 Rh3 57. Kc4 Rh4+ 1/2-1/2

[Event "Sparkassen-Open A"]
[Site "Heusenstamm, Martinsee"]
[Date "2025.11.22"]
[Round "5.87"]
[White "Chaganti, Prahasith Reddy"]
[Black "Brehme, Ralf-Peter"]
[Result "1-0"]
[WhiteElo "1820"]
[BlackElo "1923"]
[PlyCount "123"]
[EventDate "2025.11.20"]
[WhiteTeam "Mönchengladbacher SV 1"]
[BlackTeam "Vorw.Orient Mainz"]

1. e4 d5 2. exd5 Nf6 3. d4 Bg4 4. Be2 Bxe2 5. Qxe2 Qxd5 6. Nf3 e6 7. O-O Nc6 8. Nc3 Qf5 9. Qb5 Qxb5 10. Nxb5 O-O-O 11. Be3 a6 12. Nc3 Bd6 13. Ne2 Ng4 14. c4 Nxe3 15. fxe3 Be7 16. a3 g5 17. b4 f5 18. Rad1 Rd7 19. d5 g4 20. dxc6 Rxd1 21. Rxd1 gxf3 22. cxb7+ Kxb7 23. gxf3 Rg8+ 24. Kf1 Kc8 25. Nd4 Rg6 26. Nc6 Bf6 27. b5 Kb7 28. a4 Bc3 29. a5 Rg8 30. Nd8+ Ka7 31. Nxe6 Bxa5 32. Rd7 axb5 33. cxb5 Kb7 34. Rxh7 Bb6 35. Re7 Kc8 36. Ng7 Bc5 37. Nxf5 Rf8 38. Re5 Bd6 39. Nxd6+ cxd6 40. Rd5 Rxf3+ 41. Ke2 Rf6 42. h4 Kc7 43. h5 Kb6 44. e4 Rh6 45. Ke3 Ka5 46. Rf5 Kb6 47. Kf4 Re6 48. e5 Kxb5 49. exd6+ Kc6 50. Kg5 Re1 51. Rf6 Rg1+ 52. Kh6 Kd7 53. Kh7 Ke8 54. h6 Rg2 55. Rg6 Rf2 56. Kh8 Rd2 57. h7 Kf7 58. Rg7+ Kf6 59. Kg8 Rxd6 60. Rf7+ Kg6 61. h8=Q Rd8+ 62. Rf8 1-0

[Event "Sparkassen-Open A"]
[Site "Heusenstamm, Martinsee"]
[Date "2025.11.22"]
[Round "5.88"]
[White "Karaissaridis, Christos"]
[Black "Gao, Chenzhuo"]
[Result "0-1"]
[WhiteElo "1909"]
[BlackElo "1825"]
[PlyCount "110"]
[EventDate "2025.11.20"]
[WhiteTeam "SK 1947 Sandhausen e.V."]
[BlackTeam "SC Rotenburg"]

1. d4 Nf6 2. c4 e6 3. g3 d5 4. Bg2 Be7 5. Nf3 dxc4 6. O-O O-O 7. Qc2 a6 8. a4 c5 9. dxc5 Bxc5 10. Nbd2 Nc6 11. Nxc4 Qe7 12. a5 e5 13. b3 e4 14. Ng5 Nd4 15. Qa2 h6 16. Nh3 Bg4 17. Re1 Qd7 18. Ne5 Qf5 19. Nxg4 Nxg4 20. Rf1 Rac8 21. Be3 Ba7 22. Bxd4 Bxd4 23. Rad1 Ba7 24. e3 Rfd8 25. Rxd8+ Rxd8 26. Qa4 Nf6 27. Nf4 g5 28. Ne2 Rd5 29. b4 Qe5 30. Qc2 Rd7 31. Rc1 Kg7 32. Bh3 g4 33. Bg2 Qb5 34. Qb2 Kg6 35. Nf4+ Kf5 36. h3 h5 37. Bf1 Qe5 38. Qb3 Rc7 39. Rd1 Qc3 40. Qa4 Qc2 41. Qxc2 Rxc2 42. Rd8 b6 43. Bxa6 bxa5 44. Bc8+ Ke5 45. bxa5 Rc1+ 46. Kg2 Rc2 47. h4 Bxe3 48. a6 Rxf2+ 49. Kh1 Ra2 50. Rf8 Bxf4 51. gxf4+ Kxf4 52. Rd8 e3 53. Rd6 e2 54. Rxf6+ Kg3 55. Rf1 exf1=Q# 0-1

[Event "Sparkassen-Open A"]
[Site "Heusenstamm, Martinsee"]
[Date "2025.11.22"]
[Round "5.89"]
[White "Werner, Tom"]
[Black "Klebs, Sebastian"]
[Result "1/2-1/2"]
[WhiteElo "1895"]
[BlackElo "1845"]
[PlyCount "71"]
[EventDate "2025.11.20"]
[WhiteTeam "VSG 1880 Offenbach"]
[BlackTeam "Karlsruher SF 1853"]

1. c4 c6 2. Nc3 d5 3. cxd5 cxd5 4. d4 Nf6 5. Nf3 Nc6 6. Bf4 e6 7. e3 a6 8. a3 Be7 9. h3 O-O 10. Bd3 b5 11. b4 Bb7 12. O-O Bd6 13. Ne5 Ne7 14. Bh2 Ne4 15. Rc1 Rc8 16. Nb1 Rxc1 17. Qxc1 f6 18. Nf3 Bxh2+ 19. Nxh2 Qd7 20. Qb2 Rc8 21. Rc1 Rxc1+ 22. Qxc1 Qc8 23. Qxc8+ Nxc8 24. Bxe4 dxe4 25. Nf1 Nd6 26. Nfd2 Kf7 27. Nb3 f5 28. Nc5 Bc8 29. Nc3 Nc4 30. a4 bxa4 31. N3xa4 Ke7 32. Kf1 Kd6 33. Ke2 Kc6 34. Nc3 Nb6 35. Kd2 Nd5 36. Nxd5 1/2-1/2

[Event "Sparkassen-Open A"]
[Site "Heusenstamm, Martinsee"]
[Date "2025.11.22"]
[Round "5.90"]
[White "Gundel, Julian"]
[Black "Gärtner, David"]
[Result "0-1"]
[WhiteElo "1894"]
[BlackElo "1838"]
[PlyCount "69"]
[EventDate "2025.11.20"]
[WhiteTeam "SV Königsspringer 1929 Großauhei"]
[BlackTeam "Sfr.Mainz 1928"]

1. Nf3 Nf6 2. b3 g6 3. Bb2 Bg7 4. e3 O-O 5. d4 d5 6. Bd3 c5 7. O-O b6 8. Nbd2 Nc6 9. c4 cxd4 10. Nxd4 Nxd4 11. Bxd4 Ba6 12. Qe2 Rc8 13. Rfd1 e6 14. Rac1 Qc7 15. Bb2 Qb7 16. Qf3 Nd7 17. Bxg7 Kxg7 18. Bf1 Nf6 19. g3 Rfd8 20. Bg2 Qe7 21. e4 dxc4 22. e5 Nd7 23. Qe2 Nc5 24. bxc4 Qc7 25. f4 Rd7 26. h4 Rcd8 27. h5 Rd3 28. Kh2 Qd7 29. h6+ Kxh6 30. Rc2 Na4 31. Qg4 Nc3 32. Qg5+ Kg7 33. Qf6+ Kg8 34. Bc6 Qxc6 35. Rxc3 0-1

[Event "Sparkassen-Open A"]
[Site "Heusenstamm, Martinsee"]
[Date "2025.11.22"]
[Round "5.91"]
[White "Lotz, Ralf"]
[Black "Rose, Torsten"]
[Result "1/2-1/2"]
[WhiteElo "1889"]
[BlackElo "1818"]
[PlyCount "125"]
[EventDate "2025.11.20"]
[WhiteTeam "SC 1952 Obertshausen"]
[BlackTeam "SV Königsjäger Süd-West e.V."]

1. d4 d5 2. Nf3 c6 3. g3 Nf6 4. Bg2 e6 5. O-O Bd6 6. b3 O-O 7. Bb2 Nbd7 8. c4 Re8 9. Nbd2 e5 10. cxd5 Nxd5 11. Nc4 Bc7 12. dxe5 Qe7 13. e3 N7b6 14. Nd6 Bxd6 15. exd6 Qxd6 16. Qd4 Qf6 17. Qxf6 Nxf6 18. Bxf6 gxf6 19. Rfd1 Be6 20. Rd2 Red8 21. Rad1 Rxd2 22. Rxd2 Kf8 23. Kf1 Ke7 24. h4 Nd5 25. Nd4 Rd8 26. Ke1 Nb6 27. Be4 h6 28. Nf5+ Bxf5 29. Bxf5 Rd5 30. e4 Rxd2 31. Kxd2 Kd6 32. f4 Na8 33. g4 Nc7 34. g5 fxg5 35. fxg5 hxg5 36. h5 Ke7 37. h6 Kf8 38. Ke3 f6 39. Kd4 b6 40. b4 Na6 41. a3 c5+ 42. Kc4 cxb4 43. axb4 Nc7 44. b5 Kf7 45. Kb4 Ne8 46. Bd7 Nd6 47. Kc3 Nxe4+ 48. Kd4 Nc5 49. Bf5 a5 50. bxa6 Nxa6 51. Kd5 Nc7+ 52. Kc6 Ne8 53. Kd7 b5 54. Be6+ Kg6 55. Kxe8 Kxh6 56. Kf7 g4 57. Bxg4 Kg5 58. Be2 b4 59. Ke6 f5 60. Ke5 b3 61. Kd4 b2 62. Bd3 f4 63. Kc3 1/2-1/2

[Event "Sparkassen-Open A"]
[Site "Heusenstamm, Martinsee"]
[Date "2025.11.22"]
[Round "5.92"]
[White "Börsch, Dieter"]
[Black "Voss, Georg"]
[Result "0-1"]
[WhiteElo "1816"]
[BlackElo "1886"]
[PlyCount "104"]
[EventDate "2025.11.20"]
[WhiteTeam "SK Bad Homburg 1927"]
[BlackTeam "SV Meschede e. V."]

1. d4 d5 2. c4 e6 3. Nc3 c5 4. cxd5 exd5 5. Nf3 Nc6 6. g3 Nf6 7. Bg2 c4 8. O-O Bb4 9. Bg5 Bxc3 10. bxc3 h6 11. Bf4 O-O 12. Qc2 Re8 13. Rfe1 Ne4 14. Nd2 Ng5 15. Bxg5 hxg5 16. e4 dxe4 17. Rxe4 Ne7 18. Re5 f6 19. Ree1 Qc7 20. Qa4 Bd7 21. Qxc4+ Qxc4 22. Nxc4 Nc6 23. Nd6 Rxe1+ 24. Rxe1 Rb8 25. d5 Ne5 26. c4 Kf8 27. Rc1 b6 28. Nb5 Rc8 29. Nxa7 Rc7 30. Nc6 Nxc6 31. dxc6 Bxc6 32. Bxc6 Rxc6 33. a4 Ke7 34. Kf1 Kd6 35. Ke2 Kc5 36. Kd3 Rd6+ 37. Kc3 Rd4 38. Kb3 Rd2 39. f4 g4 40. Rc3 Rxh2 41. Rd3 Rf2 42. Rd5+ Kc6 43. Kc3 Rf3+ 44. Rd3 Kc5 45. Kd2 Kxc4 46. Rd6 Kc5 47. Rd7 Rxg3 48. Rxg7 Kd6 49. Rb7 Rb3 50. a5 Kc6 51. Rxb6+ Rxb6 52. axb6 f5 0-1

[Event "Sparkassen-Open A"]
[Site "Heusenstamm, Martinsee"]
[Date "2025.11.22"]
[Round "5.93"]
[White "Nguyen, Minh An"]
[Black "Zargaran, Sepas"]
[Result "1/2-1/2"]
[WhiteElo "1768"]
[BlackElo "1880"]
[PlyCount "61"]
[EventDate "2025.11.20"]
[WhiteTeam "SV 1920 Hofheim"]
[BlackTeam "VSG 1880 Offenbach"]

1. d4 Nf6 2. Bf4 e6 3. e3 d5 4. c3 Bd6 5. Bg3 O-O 6. Nd2 Nbd7 7. f4 c5 8. Ngf3 Qc7 9. Ne5 a6 10. Qc2 Nh5 11. Be2 Bxe5 12. dxe5 Nxg3 13. hxg3 g6 14. Nf3 f6 15. Bd3 Kg7 16. exf6+ Rxf6 17. O-O-O c4 18. Be2 b5 19. Rh4 Qb6 20. Kd2 Ra7 21. Rdh1 Nf8 22. Ne5 a5 23. g4 b4 24. g5 Rff7 25. Rxh7+ Nxh7 26. Rxh7+ Kxh7 27. Qxg6+ Kh8 28. Nxf7+ Rxf7 29. Qxf7 bxc3+ 30. Ke1 cxb2 31. Qf8+ 1/2-1/2

[Event "Sparkassen-Open A"]
[Site "Heusenstamm, Martinsee"]
[Date "2025.11.22"]
[Round "5.94"]
[White "Kessler, Georg"]
[Black "Fröhlich-Dill, Astrid"]
[Result "1-0"]
[WhiteElo "1876"]
[BlackElo "1815"]
[PlyCount "97"]
[EventDate "2025.11.20"]
[WhiteTeam "SC Sulzbach-Rosenberg"]
[BlackTeam "SV 1920 Hofheim"]

1. Nf3 d5 2. c4 c6 3. d4 Nf6 4. Nc3 e6 5. Bg5 Be7 6. e3 h6 7. Bh4 O-O 8. Bd3 Nbd7 9. O-O dxc4 10. Bxc4 b5 11. Bd3 Bb7 12. Rc1 a6 13. Bxf6 Bxf6 14. Ne4 Be7 15. Nc5 Bxc5 16. dxc5 Qe7 17. b4 e5 18. Nd2 f5 19. Nb3 e4 20. Bb1 Rf6 21. Na5 Ne5 22. Qb3+ Kh8 23. Rfd1 Rb8 24. Nxb7 Rxb7 25. Rd4 Rg6 26. Kf1 Qg5 27. Rcd1 Qxg2+ 28. Ke2 Qf3+ 29. Kf1 Nc4 30. Rxc4 bxc4 31. Rd8+ Kh7 32. Qxc4 Rf6 33. Bc2 Qh1+ 34. Ke2 Qxh2 35. Qg8+ Kg6 36. Bb3 Qh5+ 37. Ke1 Kg5 38. a3 Qh1+ 39. Ke2 g6 40. Rd6 Qf3+ 41. Ke1 Qh1+ 42. Ke2 Rxd6 43. cxd6 Rd7 44. Qe6 Rxd6 45. Qxd6 Qf3+ 46. Ke1 Qh1+ 47. Kd2 Qf3 48. Qd8+ Kh5 49. Bd1 1-0

[Event "Sparkassen-Open A"]
[Site "Heusenstamm, Martinsee"]
[Date "2025.11.22"]
[Round "5.95"]
[White "Rohatgi, Kushagra"]
[Black "Mehlen, Theodor"]
[Result "1-0"]
[WhiteElo "1869"]
[BlackElo "1807"]
[PlyCount "119"]
[EventDate "2025.11.20"]
[WhiteTeam "SAbt TuS Makkabi Ffm"]
[BlackTeam "SC Matt im Park Ffm"]

1. e4 c5 2. Nf3 Nc6 3. d4 cxd4 4. Nxd4 e5 5. Nb5 d6 6. N1c3 a6 7. Na3 Be7 8. Be2 Nf6 9. Bg5 b5 10. Bxf6 Bxf6 11. Nd5 O-O 12. O-O Nd4 13. c3 Nxe2+ 14. Qxe2 Be6 15. Rad1 Be7 16. Qd3 Bxd5 17. Qxd5 Qd7 18. Nc2 Rac8 19. Qxe5 Rfe8 20. Ne3 Qa7 21. Qd4 Qb7 22. Nf5 f6 23. f3 Rcd8 24. Qd5+ Qxd5 25. Rxd5 Bf8 26. Rfd1 Re6 27. Kf2 Kf7 28. Nd4 Ree8 29. Ke3 g6 30. Ra1 f5 31. Kd3 fxe4+ 32. fxe4 Re5 33. Nf3 Rxd5+ 34. exd5 Bh6 35. Nd4 Re8 36. Ne6 Kf6 37. Kd4 Rc8 38. Rf1+ Ke7 39. b3 a5 40. Rf3 a4 41. Rh3 axb3 42. axb3 Bd2 43. Rxh7+ Kf6 44. Rc7 Rh8 45. h3 Rh4+ 46. Kd3 Be1 47. Nd4 Rh5 48. Nxb5 Rxd5+ 49. Nd4 Bg3 50. b4 Bf2 51. Kc4 Rg5 52. g4 Re5 53. b5 Bxd4 54. cxd4 Re1 55. Kd5 Rb1 56. Kc6 Ke6 57. d5+ Ke5 58. b6 Rc1+ 59. Kd7 Rf1 60. b7 1-0

[Event "Sparkassen-Open A"]
[Site "Heusenstamm, Martinsee"]
[Date "2025.11.22"]
[Round "5.96"]
[White "Zekovic, Alija"]
[Black "Ziska, Stephan"]
[Result "0-1"]
[WhiteElo "2008"]
[BlackElo "1848"]
[PlyCount "181"]
[EventDate "2025.11.20"]
[WhiteTeam "Dietzenbach"]
[BlackTeam "Schachforum Darmstadt 1994"]

1. e4 d5 2. exd5 Nf6 3. Bc4 Nxd5 4. Qf3 e6 5. Nc3 c6 6. Nge2 Be7 7. O-O Nd7 8. d4 N7f6 9. Nxd5 exd5 10. Bd3 O-O 11. h3 Re8 12. Re1 b6 13. Bg5 Ne4 14. Bxe7 Qxe7 15. Ng3 Qb4 16. Nxe4 dxe4 17. Bxe4 Bd7 18. c3 Qxb2 19. Bxc6 Bxc6 20. Qxc6 Rec8 21. Qf3 h6 22. Rec1 Re8 23. a4 Rac8 24. d5 Rc4 25. Re1 Rce4 26. Red1 R4e7 27. c4 Qc2 28. Rdc1 Qd2 29. g3 Qd4 30. Kg2 Re2 31. a5 bxa5 32. Rxa5 Qd2 33. Rxa7 Rxf2+ 34. Qxf2 Re2 35. Rf1 Rxf2+ 36. Rxf2 Qd4 37. Raxf7 Qxc4 38. R7f5 Qe4+ 39. Kh2 Qd3 40. h4 Kh7 41. h5 Qd1 42. Rf1 Qd2+ 43. R1f2 Qd1 44. Kg2 Qd4 45. R2f4 Qd2+ 46. Kh3 Qd1 47. Re5 Qh1+ 48. Kg4 Qd1+ 49. Rf3 Kg8 50. Kf4 Kh7 51. Rfe3 Kg8 52. g4 Qd4+ 53. Kf5 Kh7 54. R3e4 Qc5 55. Re3 Qc2+ 56. R3e4 Qc8+ 57. Re6 Qc5 58. Ke5 Qb5 59. Re7 Qb2+ 60. Ke6 Qb3 61. Re8 Qb5 62. Re7 Qb3 63. Rf7 Kg8 64. Rc7 Kh7 65. Rc5 Kg8 66. Rc8+ Kh7 67. Rec4 Qe3+ 68. Kd7 Qe5 69. d6 Qb5+ 70. R8c6 Qb7+ 71. Ke6 Qb2 72. Ke7 Qf6+ 73. Kd7 Qf7+ 74. Kc8 Qe8+ 75. Kc7 Qe5 76. R4c5 Qf4 77. Kb7 Qxg4 78. Rc7 Qe4+ 79. R5c6 Qb4+ 80. Kc8 Qa4 81. Rc5 Qa8+ 82. Kd7 Qa4+ 83. Kd8 Qa8+ 84. Rc8 Qa7 85. d7 Qb6+ 86. R8c7 Qe6 87. Kc8 Qa6+ 88. Kb8 Qb6+ 89. Rb7 Qd6+ 90. Rcc7 Qf8+ 91. Rc8 0-1

[Event "Sparkassen-Open A"]
[Site "Heusenstamm, Martinsee"]
[Date "2025.11.22"]
[Round "5.97"]
[White "Moors, Christoph"]
[Black "Marchese, Gaspare"]
[Result "0-1"]
[Annotator "Schloessner,Henrik"]
[WhiteElo "1908"]
[BlackElo "1844"]
[PlyCount "63"]
[EventDate "2025.11.20"]
[WhiteTeam "SC Erkrath 1973"]
[BlackTeam "SC Matt im Park Ffm"]

1. d4 Nf6 2. c4 d6 3. Nf3 g6 4. Nc3 Bg7 5. e4 c6 6. Be2 Nbd7 7. e5 dxe5 8. dxe5 Ng4 9. e6 fxe6 10. Ng5 Nxf2 11. Kxf2 O-O+ 12. Ke1 Qb6 13. Rf1 Nf6 14. Nge4 Rd8 15. Qc2 e5 16. h3 Bf5 17. g4 Bxe4 18. Nxe4 Nxe4 19. Qxe4 Rd4 20. Qc2 Rd7 21. Bd2 e4 22. c5 Qc7 23. Bc4+ Kh8 24. Be3 Qg3+ 25. Ke2 Qxh3 26. Qxe4 Rad8 27. Rf2 Qg3 28. Rg2 Qc7 29. Rb1 Qa5 30. b4 Qa3 31. Rgg1 Qc3 32. Rgc1 $138 {ZÜ} 0-1

[Event "Sparkassen-Open A"]
[Site "Heusenstamm, Martinsee"]
[Date "2025.11.22"]
[Round "5.98"]
[White "Klein, Deniz"]
[Black "Schellen, Sven"]
[Result "1-0"]
[WhiteElo "1913"]
[BlackElo "1822"]
[PlyCount "57"]
[EventDate "2025.11.20"]
[WhiteTeam "SK Kaiserslautern 1905"]
[BlackTeam "SV Frankfurt Nord 1926"]

1. e4 e5 2. Nf3 Nc6 3. Bb5 Nf6 4. O-O Nxe4 5. Re1 Nd6 6. Nxe5 Be7 7. Bf1 O-O 8. d4 Bf6 9. Bf4 Nf5 10. c3 Nce7 11. Nd2 d6 12. Nd3 b5 13. a4 Rb8 14. axb5 Rxb5 15. Rxa7 Ng6 16. Bg3 Bd7 17. Ne4 h5 18. h3 Bc6 19. Bh2 Bh4 20. Nb4 Bxe4 21. Rxe4 Rb6 22. Qxh5 Nxd4 23. Rxd4 c5 24. Rxh4 Nxh4 25. Bg3 Ng6 26. Nd5 Rxb2 27. Bd3 Qe8 28. Ne7+ Nxe7 29. Qh7# 1-0

[Event "Sparkassen-Open A"]
[Site "Heusenstamm, Martinsee"]
[Date "2025.11.22"]
[Round "5.99"]
[White "Schelhorn, Paul"]
[Black "Rüll, Michael"]
[Result "1/2-1/2"]
[WhiteElo "1871"]
[BlackElo "1785"]
[PlyCount "27"]
[EventDate "2025.11.20"]
[WhiteTeam "SF 1974 Heinsberg e."]
[BlackTeam "SC 1952 Obertshausen"]

1. d4 Nf6 2. c4 g6 3. Nc3 Bg7 4. e4 d6 5. Be2 O-O 6. Be3 Nbd7 7. Qc2 e5 8. d5 Nc5 9. f3 a5 10. g4 Ne8 11. g5 h5 12. gxh6 Bxh6 13. Bf2 Kg7 14. h4 1/2-1/2

[Event "Sparkassen-Open A"]
[Site "Heusenstamm, Martinsee"]
[Date "2025.11.22"]
[Round "5.100"]
[White "Janknecht, Eckart"]
[Black "Winand, Edgar"]
[Result "1/2-1/2"]
[WhiteElo "1823"]
[BlackElo "1876"]
[PlyCount "131"]
[EventDate "2025.11.20"]
[WhiteTeam "Kölner SK Dr. Lasker 186"]
[BlackTeam "SVKT Bad Camberg 2025"]

1. e4 g5 2. d4 Bg7 3. Bxg5 c5 4. Nf3 Nc6 5. c3 cxd4 6. cxd4 Qb6 7. Qd2 Nxd4 8. Nxd4 Qxd4 9. Qxd4 Bxd4 10. Nc3 f6 11. Bd2 a6 12. Be2 h5 13. Rc1 e6 14. Bf3 Ne7 15. Rc2 Rb8 16. Ne2 Bb6 17. Nf4 h4 18. Bc3 e5 19. Ne2 Nc6 20. O-O d6 21. Rd1 Ke7 22. Rcd2 Be6 23. b3 Bc5 24. Kf1 b5 25. Bb2 b4 26. h3 a5 27. Rc1 Rhc8 28. Rdc2 Kd7 29. Rd2 Ke7 30. Ng1 Ra8 31. Bd1 Rc7 32. Nf3 Rh8 33. Be2 Na7 34. Ne1 Rhc8 35. Rdc2 a4 36. Bc4 axb3 37. axb3 Bb6 38. Bxe6 Kxe6 39. Rxc7 Rxc7 40. Rxc7 Bxc7 41. Ke2 f5 42. exf5+ Kxf5 43. Nf3 Bd8 44. Bc1 Nc6 45. Be3 Be7 46. Bb6 d5 47. Kd2 Bf6 48. Kc2 e4 49. Nd2 Bd4 50. Bxd4 Nxd4+ 51. Kd1 Kf4 52. Nf1 Nxb3 53. Ne3 Ke5 54. Nc2 d4 55. Nxb4 d3 56. f3 d2 57. fxe4 Kxe4 58. Ke2 Kd4 59. Nc2+ Kc3 60. Ne3 Nc1+ 61. Kd1 Kd3 62. Nf1 Nb3 63. g4 hxg3 64. Nxg3 Nd4 65. Nf1 Nf3 66. Nxd2 1/2-1/2

[Event "Sparkassen-Open A"]
[Site "Heusenstamm, Martinsee"]
[Date "2025.11.22"]
[Round "5.101"]
[White "Senatov, Boris"]
[Black "Ellsiepen, Luca"]
[Result "0-1"]
[WhiteElo "1880"]
[BlackElo "1866"]
[PlyCount "92"]
[EventDate "2025.11.20"]
[WhiteTeam "SC Heusenstamm"]
[BlackTeam "SK Marburg 1931/72"]

1. e4 e5 2. Nf3 Nc6 3. Bb5 a6 4. Ba4 Nf6 5. O-O b5 6. Bb3 Bc5 7. c3 d6 8. d4 Bb6 9. Re1 O-O 10. Be3 h6 11. h3 Re8 12. Nbd2 Na5 13. Bc2 c5 14. d5 c4 15. Nf1 Nb7 16. a4 Bxe3 17. Nxe3 Bd7 18. axb5 axb5 19. Rxa8 Qxa8 20. Nh4 g6 21. Qf3 Kg7 22. g4 Rh8 23. b3 cxb3 24. Bxb3 Nc5 25. Bc2 h5 26. g5 Nh7 27. Qg3 Qd8 28. Nf3 Qc7 29. h4 Ra8 30. Nd2 Na4 31. c4 b4 32. f4 exf4 33. Qxf4 Nc5 34. Nf3 b3 35. Bb1 Re8 36. Nf1 Qb6 37. Kh1 Bg4 38. N1h2 Bxf3+ 39. Nxf3 Nd7 40. Nd2 Ne5 41. Re3 b2 42. Rb3 Qd4 43. Rb7 Ra8 44. Nf3 Qd1+ 45. Kg2 Qe2+ 46. Kg3 Ra3 0-1

[Event "Sparkassen-Open A"]
[Site "Heusenstamm, Martinsee"]
[Date "2025.11.23"]
[Round "6.1"]
[White "Stork, Oliver"]
[Black "Bagrationi, Alexander"]
[Result "1/2-1/2"]
[WhiteElo "2347"]
[BlackElo "2415"]
[PlyCount "70"]
[EventDate "2025.11.20"]
[WhiteTeam "Klub Kölner SF e. V."]
[BlackTeam "SV Hemer 1932 e. V."]

1. c4 Nf6 2. Nf3 e6 3. g3 d5 4. Bg2 Be7 5. O-O O-O 6. b3 b6 7. cxd5 Nxd5 8. Bb2 Bb7 9. d4 Nd7 10. Re1 c5 11. e4 N5f6 12. Nc3 cxd4 13. Nxd4 Bc5 14. Ndb5 Qb8 15. Na4 Rd8 16. e5 Bxg2 17. Kxg2 Nxe5 18. Bxe5 Rxd1 19. Bxb8 Rxe1 20. Rxe1 Rxb8 21. Nxa7 Bf8 22. Nc3 Bb4 23. Rc1 Bc5 24. Rd1 Ra8 25. Nab5 g5 26. a3 Kg7 27. b4 Bf8 28. h3 h5 29. Kf3 Kg6 30. Rd4 Rc8 31. Ke2 Bg7 32. Kd3 g4 33. h4 Ng8 34. Rd6 Ne7 35. Rxb6 Nc6 1/2-1/2

[Event "Sparkassen-Open A"]
[Site "Heusenstamm, Martinsee"]
[Date "2025.11.23"]
[Round "6.2"]
[White "Poetsch, Hagen"]
[Black "Hinrichs, Paul"]
[Result "0-1"]
[WhiteElo "2456"]
[BlackElo "2309"]
[PlyCount "116"]
[EventDate "2025.11.20"]
[WhiteTeam "SC Heusenstamm"]
[BlackTeam "Sfr.Heidesheim"]

1. e4 e5 2. Nf3 Nc6 3. Bc4 Nf6 4. d3 Bc5 5. Bg5 h6 6. Bh4 d6 7. c3 g5 8. Bg3 Bg4 9. Nbd2 Qd7 10. b4 Bb6 11. Bb3 Nh5 12. Nc4 f5 13. h3 Nxg3 14. fxg3 fxe4 15. hxg4 exf3 16. Qxf3 Rf8 17. Nxb6 axb6 18. Qe4 O-O-O 19. Rxh6 d5 20. Qg6 Kb8 21. Qxg5 Rg8 22. Rg6 Qh7 23. Rxg8 Rxg8 24. Qf5 Qh6 25. Ke2 Rf8 26. Rh1 Qd6 27. Qg5 e4 28. Bxd5 exd3+ 29. Kd1 Qxg3 30. Re1 Rf2 31. Qe3 Qxg4+ 32. Bf3 Qh4 33. Qe4 Qf6 34. Qxd3 Rxa2 35. Re8+ Ka7 36. b5 Qf7 37. Qb1 Na5 38. Re2 Ra3 39. Ke1 Qf6 40. Qb4 Rxc3 41. Kf2 Rb3 42. Qe7 Qd4+ 43. Kg3 Rxb5 44. Re4 Qc3 45. Qf8 Rg5+ 46. Kh4 Rg6 47. Re8 b5 48. g4 Rf6 49. Re3 Qd4 50. Qa3 Rh6+ 51. Kg3 Kb6 52. Re4 Qg1+ 53. Kf4 c5 54. g5 Qh2+ 55. Kf5 Qh3+ 56. Rg4 Rd6 57. Qe3 Nc6 58. g6 Nd4+ 0-1

[Event "Sparkassen-Open A"]
[Site "Heusenstamm, Martinsee"]
[Date "2025.11.23"]
[Round "6.3"]
[White "Bentel, Robin"]
[Black "Pajeken, Jakob Leon"]
[Result "0-1"]
[WhiteElo "2243"]
[BlackElo "2467"]
[PlyCount "78"]
[EventDate "2025.11.20"]
[WhiteTeam "Schachfreunde Lieme e. V."]
[BlackTeam "SK Doppelbauer Kiel von 1910 e.V"]

1. d4 Nf6 2. c4 e6 3. Nf3 d5 4. Nc3 Bb4 5. cxd5 exd5 6. Bg5 Nbd7 7. Qc2 h6 8. Bh4 g5 9. Bg3 Ne4 10. Nd2 Nxg3 11. hxg3 Nb6 12. a3 Bf8 13. e3 Bg7 14. Bd3 Be6 15. Nf3 Qe7 16. O-O-O O-O-O 17. Rhe1 Kb8 18. Kb1 c6 19. Na4 Nc8 20. Nc5 Bg4 21. Be2 Nd6 22. Qb3 Ka8 23. Rc1 Rc8 24. Ka1 Rhd8 25. Rc2 Bf5 26. Rcc1 b6 27. Na6 Ne4 28. Nb4 Qe6 29. Ba6 Rc7 30. Bb5 c5 31. Qa4 Rdc8 32. Na6 Rb7 33. Re2 cxd4 34. Rxc8+ Qxc8 35. Bc6 d3 36. Re1 Bd7 37. Rc1 Bxc6 38. Rxc6 Qd7 39. Qb5 Nc5 0-1

[Event "Sparkassen-Open A"]
[Site "Heusenstamm, Martinsee"]
[Date "2025.11.23"]
[Round "6.4"]
[White "Karsay, Pascal"]
[Black "Podat, Vladimir"]
[Result "1-0"]
[WhiteElo "2401"]
[BlackElo "2278"]
[PlyCount "83"]
[EventDate "2025.11.20"]
[WhiteTeam "SV Worms 1878"]
[BlackTeam "SC Untergrombach 46"]

1. Nf3 d5 2. e3 Nf6 3. c4 e6 4. Nc3 Be7 5. b3 O-O 6. Bb2 b6 7. g3 Bb7 8. Bg2 c5 9. O-O dxc4 10. bxc4 Ne4 11. Qc2 Nxc3 12. Bxc3 Nc6 13. Ne5 Qc7 14. Nd3 Qd8 15. Rab1 Rb8 16. Rb2 Bf6 17. Rfb1 Bxc3 18. Qxc3 Qc7 19. h4 Rfd8 20. h5 h6 21. a4 Qd6 22. Nf4 Qe5 23. Rc1 Qxc3 24. Rxc3 Ne5 25. Bxb7 Rxb7 26. Kf1 Rbd7 27. Ke2 Nc6 28. Rd3 Rxd3 29. Nxd3 Kf8 30. Nc1 f5 31. Nd3 Ke7 32. f4 Kd6 33. Rb1 e5 34. Rg1 e4 35. Nf2 g5 36. hxg6 Rg8 37. g4 Rxg6 38. Rh1 fxg4 39. f5 Rg7 40. Rxh6+ Kc7 41. Nxe4 g3 42. Rg6 1-0

[Event "Sparkassen-Open A"]
[Site "Heusenstamm, Martinsee"]
[Date "2025.11.23"]
[Round "6.5"]
[White "Baranyai-Molnar, Adam"]
[Black "Smith, Bryan"]
[Result "1-0"]
[WhiteElo "2227"]
[BlackElo "2365"]
[PlyCount "111"]
[EventDate "2025.11.20"]
[WhiteTeam "SF Neuberg"]
[BlackTeam "TSV Schönaich"]

1. e4 c5 2. Nf3 d6 3. d4 cxd4 4. Nxd4 Nf6 5. Nc3 Nc6 6. Bg5 Bd7 7. Qd2 a6 8. O-O-O e6 9. Be2 b5 10. a3 Be7 11. f4 Rb8 12. Nb3 b4 13. axb4 Nxb4 14. Bxf6 gxf6 15. f5 h5 16. Bc4 Qc7 17. Qe2 Rc8 18. Bxa6 Rb8 19. Bc4 Qb6 20. Rhf1 Nc6 21. Bb5 Ne5 22. Nd4 Qa5 23. fxe6 fxe6 24. Nxe6 Rxb5 25. Nxb5 Bxe6 26. Na3 Bg4 27. Qd2 Qa6 28. Rde1 Kf7 29. h3 Be6 30. Qe2 Qb6 31. Rd1 Rb8 32. c3 Kg6 33. Rd4 Qc5 34. Qc2 Bf8 35. b4 Qa7 36. Kb2 Ra8 37. Ra1 Nc4+ 38. Rxc4 Bxc4 39. e5+ f5 40. g4 Be6 41. gxf5+ Bxf5 42. Qg2+ Kh7 43. Nc2 dxe5 44. Rxa7+ Rxa7 45. Qg5 Bg6 46. Qxe5 Re7 47. Qf6 Rf7 48. Qd4 Bg7 49. Qe3 Rf1 50. Nd4 Bh6 51. Qe7+ Bf7 52. Qe2 Bc1+ 53. Kc2 Rg1 54. Qf2 Bg6+ 55. Kb3 Rd1 56. Ne6 1-0